000 02411nam0a2200373 4500
001 RU\NLR\BIBL_A\022292757
005 20260420013208.0
010 _a978-5-4492-0660-2
_9300
021 _aRU
_bКН-П-24-036821
_9КН-П-24-3691
035 _a(NLR Aleph) 022292757
090 _a13662342
_c13662342
100 _a20240807d2024 k y0rusy50 ca
101 0 _arus
102 _aRU
105 _aа z 000yy
181 0 _ai
_baxxe
182 0 _an
200 1 _aСистема восстановительных и реабилитационных мероприятий для спортсменов, перенесших COVID-19, с использованием факторов гипо- и гипероксии в условиях среднегорья
_eмонография
_fГ. Н. Тер-Акопов, Ю. В. Корягина, С. В. Нопин
_gФедеральное медико-биологическое агентство, Федеральное государственное бюджетное учреждение "Северо-Кавказский федеральный научно-клинический центр Федерального медико-биологического агентства"
203 _aТекст
_bвизуальный
_cнепосредственный
210 _aЕссентуки
_cСКФНКЦ ФМБА России
_d2024
215 _a172 с.
_cил., табл.
_d22
300 _aНа 4-й с. обл. авт.: канд. экон. наук, доц. Г. Н. Тер-Акопов, д-р биол. наук, проф. Ю. В. Корягина, канд. техн. наук С. В. Нопин
320 _aБиблиогр.: с. 152-169 (137 назв.)
606 1 _aСпортсмены
_xРаботоспособность
_xВосстановление
_91665739
_3RU\NLR\AUTH\661037124
606 1 _aCOVID-19 спортсменов
_xРеабилитация больных
_92646485
_3RU\NLR\AUTH\6601746068
686 1 _aЧ510.76
686 1 _aР514.31-5
700 1 _7ca
_8rus
_aТер-Акопов
_bГ. Н.
_f1978-
_gГукас Николаевич
_9224408
_3RU\NLR\AUTH\770224464
701 1 _aКорягина
_bЮ. В.
_f1975-
_gЮлия Владиславовна
701 1 _aНопин
_bС. В.
_gСергей Викторович
942 _cBOOK
980 _aNB